000 00728nam a2200217 i 4500
001 22159
003 ES-MaACL
005 20250831115640.0
007 t|
008 021219s1885 sp |||| | spa d
080 _a284.2:238.1
100 1 _aUrsinus, Zacharias.
_9112259
245 1 3 _aEl catecismo de Heidelberg
_b: publicado por Juan Aventrot en 1628 /
_c[Zacarías Ursino y Gaspar Oleviano].
260 _aMadrid :
_bLibrería Nacional y Extranjera,
_c1885 (
_fImp. de J. Cruzado)
300 _a80 p. ;
_c13 cm.
500 _aAutores tomados de la introducción.
650 1 4 _aIglesia reformada-
_vCatecismos
_913551
700 1 _aOlevianus, Gaspar.
_986705
852 _aES-MaACL
_jT-405-F-10
999 _c22159
_d22159